Tib e Nabvi aur Jadeed science \ (Record no. 614620)

000 -LEADER
fixed length control field 00437nam a22001457a 4500
020 ## - INTERNATIONAL STANDARD BOOK NUMBER
International Standard Book Number 9789695030041
082 ## - DEWEY DECIMAL CLASSIFICATION NUMBER
Classification number 297.266
Author Mark GHA
245 ## - TITLE STATEMENT
Title Tib e Nabvi aur Jadeed science \
Remainder of title Ghaznavi,Dr.Khalid
260 ## - PUBLICATION, DISTRIBUTION, ETC.
Place of publication, distribution, etc. لاہور:
Name of publisher, distributor, etc. الفیصل پبلشر,
Date of publication, distribution, etc. 2015.
300 ## - PHYSICAL DESCRIPTION
Extent 352p. ;
563 ## - BINDING INFORMATION
Binding note HB
880 ## - ALTERNATE GRAPHIC REPRESENTATION
Linkage 100-01\r
Title ڈاکٹر خالد غزنوی
880 ## - ALTERNATE GRAPHIC REPRESENTATION
Linkage 245-02\r
Title طب نبوی اور جدید سائنس
942 ## - ADDED ENTRY ELEMENTS (KOHA)
Source of classification or shelving scheme
Koha item type Book
Holdings
Withdrawn status Lost status Source of classification or shelving scheme Damaged status Not for loan Permanent Location Current Location Date acquired Total Checkouts Full call number Barcode Date last seen Price effective from Koha item type
          Central Library (CL) Central Library (CL) 09/01/2025   297.266 GHA CL-D-3065 09/01/2025 09/01/2025 Book
© 2023 Central Library, National University of Sciences and Technology. All Rights Reserved.